| Tag |
First Indicator |
Second Indicator |
Subfields |
| LEADER |
00000cam a2200000 i 4500 |
| 001 |
in00005719313 |
| 005 |
20260319182933.6 |
| 006 |
m o d |
| 007 |
cr |n||||||||| |
| 008 |
200926t20202020enk o 000 0 eng d |
| 040 |
|
|
|a EBLCP
|b eng
|e rda
|e pn
|c EBLCP
|d YDX
|d UX1
|d OCLCO
|d YDXIT
|d N$T
|d TEF
|d OCLCF
|d OCLCO
|d KUK
|d STBDS
|d OCLCQ
|d UKAHL
|d K6U
|d SFB
|d OCLCO
|d OCLCQ
|d OCLCO
|d OCLCL
|d DXU
|
| 019 |
|
|
|a 1196836830
|a 1225145211
|
| 020 |
|
|
|a 9780192577146
|q (electronic bk.)
|
| 020 |
|
|
|a 019257714X
|q (electronic bk.)
|
| 020 |
|
|
|a 9780192577153
|q (electronic book)
|
| 020 |
|
|
|a 0192577158
|q (electronic book)
|
| 020 |
|
|
|a 9780191876318
|q (electronic book)
|
| 020 |
|
|
|a 0191876313
|q (electronic book)
|
| 020 |
|
|
|z 0198840675
|
| 020 |
|
|
|z 9780198840671
|
| 035 |
|
|
|a (OCoLC)1197869319
|z (OCoLC)1196836830
|z (OCoLC)1225145211
|
| 043 |
|
|
|a e-uk---
|a e------
|
| 050 |
|
4 |
|a D1065.G7
|b W35 2020
|
| 082 |
0 |
4 |
|a 327.4104
|2 23
|
| 049 |
|
|
|a TXAM
|
| 100 |
1 |
|
|a Wall, Stephen,
|d 1947-
|e author.
|1 https://id.oclc.org/worldcat/entity/E39PBJdmj6yDC7tqvxhgC97vHC
|
| 245 |
1 |
0 |
|a Reluctant European :
|b Britain and the European Union from 1945 to Brexit /
|c Stephen Wall.
|
| 250 |
|
|
|a First edition.
|
| 264 |
|
1 |
|a Oxford, United Kingdom ;
|a New York, NY :
|b Oxford University Press,
|c 2020.
|
| 264 |
|
4 |
|c ©2020
|
| 300 |
|
|
|a 1 online resource (xxx, 316 pages)
|
| 336 |
|
|
|a text
|b txt
|2 rdacontent
|
| 337 |
|
|
|a computer
|b c
|2 rdamedia
|
| 338 |
|
|
|a online resource
|b cr
|2 rdacarrier
|
| 520 |
|
|
|a This broad-ranging and accessible volume tells the story of a relationship rooted in a thousand years of British history, and of our sense of national identity in conflict with our political and economic need for partnership with continental Europe.
|
| 588 |
0 |
|
|a Online resource; title from digital title page (viewed on November 09, 2020).
|
| 505 |
0 |
|
|a Introduction -- A Thousand Years of History -- The Price of Victory: The Rocky Road to Europe, 1945-1961 -- Second Thoughts, 1961-1969 -- Good Result or Bad Deal? The Price of Entry, 1970-1973 -- Accession, Renegotiation, Referendum, 1973-1975 -- The Years of the Tiger, 1975-1984 -- No, No, No: Thatcher Defiant, 1984-1990 -- One Foot In and One Foot Out, 1990-1997 -- New Dawn or More of the Same? Blair and Europe, 1997-2007 -- Brown and Cameron: Opening the Door Marked 'Exit', 2007-2016 -- Brave New World?.
|
| 610 |
2 |
0 |
|a European Union
|z Great Britain.
|
| 610 |
2 |
7 |
|a European Union
|2 fast
|
| 651 |
|
0 |
|a Great Britain
|x Foreign relations
|z European Union countries.
|
| 651 |
|
0 |
|a European Union countries
|x Foreign relations
|z Great Britain.
|
| 651 |
|
0 |
|a Great Britain
|x Politics and government
|y 1945-
|
| 651 |
|
6 |
|a Grande-Bretagne
|x Relations extérieures
|z Pays de l'Union européenne.
|
| 651 |
|
6 |
|a Pays de l'Union européenne
|x Relations extérieures
|z Grande-Bretagne.
|
| 651 |
|
6 |
|a Grande-Bretagne
|x Politique et gouvernement
|y 1945-
|
| 650 |
|
7 |
|a Brexit.
|2 eclas
|
| 650 |
|
7 |
|a Diplomatic relations
|2 fast
|
| 650 |
|
7 |
|a Politics and government
|2 fast
|
| 651 |
|
7 |
|a European Union countries
|2 fast
|
| 651 |
|
7 |
|a Great Britain
|2 fast
|1 https://id.oclc.org/worldcat/entity/E39PBJdmp7p3cx8hpmJ8HvmTpP
|
| 648 |
|
7 |
|a Since 1945
|2 fast
|
| 655 |
|
7 |
|a Electronic books.
|2 local
|
| 776 |
0 |
8 |
|i Print version:
|a Wall, Stephen.
|t Reluctant European : Britain and the European Union from 1945 to Brexit.
|d Oxford : Oxford University Press USA - OSO, ©2020
|z 9780198840671
|
| 856 |
4 |
0 |
|u http://proxy.library.tamu.edu/login?url=https://academic.oup.com/book/31875
|z Connect to the full text of this electronic book
|t 0
|
| 955 |
|
|
|a Oxford Scholarship Online
|
| 994 |
|
|
|a 92
|b TXA
|
| 999 |
f |
f |
|i 629aec95-4278-4afd-bfd0-79bb7b75af09
|s 1ac30be6-b6b7-490b-8dbc-22c230a724bb
|t 0
|
| 952 |
f |
f |
|a Texas A&M University
|b College Station
|c Electronic Resources
|s www_evans
|d Available Online
|t 0
|e D1065.G7 W35 2020
|h Library of Congress classification
|
| 998 |
f |
f |
|a D1065.G7 W35 2020
|t 0
|l Available Online
|